[Event "Linares Anibal op 07th"]
[Site "Linares"]
[Date "2000.01.09"]
[Round "3"]
[White "Wohl, Aleksandar H"]
[Black "Motylev, Alexander"]
[Result "0-1"]
[WhiteElo "2440"]
[BlackElo "2532"]
[Annotator "Ribli,Z"]
[PlyCount "56"]
[EventDate "2000.01.07"]
[EventType "swiss"]
[EventRounds "10"]
[EventCountry "ESP"]
[SourceTitle "CBM 075"]
[Source "ChessBase"]
[SourceDate "2000.04.05"]
[SourceVersion "1"]
[SourceVersionDate "2000.04.05"]
[SourceQuality "1"]

1. c4 g6 2. Nc3 Bg7 3. g3 c5 4. Bg2 Nc6 5. Nf3 e6 {Nach meiner persoenlichen
Meinung das ist die beste Moeglichkeit fuer Schwarz.Die Alternativen sind - 5..
.e5, mit der Idee 6...Nge7, oder 5...Nf6.Nach dem Textzug Schwarz kann die
Entwicklung mit 6...Nge7 fortsetzen.} 6. O-O (6. d4 {Auf diese Weise Weiss
kann den Bauern opfern, aber theoretisch Schwarz hat gute Moeglichkeiten und
er hat mindestens gleiche Chancen.}) 6... Nge7 7. d3 {Statt dieser ruhige
Fortsetzung 7.d4 ist wieder moeglich, aber keineswegs gefaehrlich fuer Schwarz.
} O-O 8. Bg5 {Mit diesem Lauferzug Weiss moechte die Antwort 8...h6
provozieren und hofft, dass spaeter er kann die Erschwachung des
Koenigsfluegels benutzen.} (8. Bf4) (8. Bd2) 8... h6 {Dieser Zug ist nuetzlich
und gleichzeitig erschwaecht ein wenig den Koenigsfluegel.} 9. Bd2 d5 10. cxd5
(10. a3 {Diese andere moeglichkeit fuer Weiss gefaellt mir besser.Weiss
moechte den Zug b32-b4 mit folgendem Rb1 vorbereiten und hat keine Angst von
d5-d4, oder dxc4.}) 10... exd5 11. a3 b6 (11... Be6 12. Rb1 b6 (12... Rc8 13.
b4 cxb4 14. axb4 d4 15. Ne4 b6 16. b5 Na5 17. Bb4 Nd5 18. Bxf8 Qxf8 19. Rc1
Rxc1 20. Qxc1 f5 21. Ned2 Nc3 22. Re1 Qc5 $13 {1-0 Sokolov,I-Ligterink,G/
Amsterdam 1988/CBM 09 (40)}) 13. e3 Re8 14. Ne2 Bg4 15. h3 Bxf3 16. Bxf3 Ne5
17. Nf4 Nxf3+ 18. Qxf3 Qd7 19. h4 Red8 20. Rfd1 Nc6 21. e4 Nd4 22. Qg2 dxe4 23.
dxe4 Qg4 {0-1 Lupu,M-Spiridonov,N/Bourbon Lancy 1998/EXT 2000 (47)}) 12. Rb1
Bb7 (12... d4 13. Na4 Ba6 14. b4 cxb4 15. axb4 Bb5 16. Nb2 Nd5 17. Qb3 Rc8 18.
Rfe1 Nc3 19. Rbc1 Qd6 20. e3 Qxb4 21. Qxb4 Nxb4 22. Nxd4 Bxd4 23. exd4 Nca2 24.
Rb1 Rc2 25. Bxh6 Nc3 {0-1 Kupka,S-Smejkal,J/Bratislava 1967/MCD (33)}) 13. b4
cxb4 14. axb4 {Weiss hat aktives Spiel am Damenfluegel und in folgendem er
kann mit b4-b5 den Damenfluegel blockieren.Anderseits Schwarz hat eine
elastische Stellung und er steht stark im Zentrum.} d4 15. Na4 Nd5 {[%csl Yc3]
Der d5N steht stark und kontrolliert das positionelles Loch auf c3.} 16. b5 (
16. Qb3 Re8 $13 (16... Qd7)) 16... Nce7 $13 {Wir haben eine dinamische,
ungefaehr gleiche Stellung - der g7B steht etwas passiv, aber kontrolliert das
Feld-c3, Weiss hat Raumvorteil am menfluegel,Schwarz im Zentrum.} 17. Qb3 Qd7
18. Rfc1 Nf5 19. g4 $2 {[%mdl 16384] Dieser Zug gefaellt mir nicht - Weiss
erschwaecht von selbst die Koenigstellung.} (19. Bh3 $13 {[%cal Gh3d7]}) 19...
Nfe7 20. h3 h5 $1 {Schwarz benutzt die Moeglichkeit und beginnt sofort Aktion
am Koenigsfluegel.} 21. gxh5 (21. g5 Nf5 $15 {[%csl Gf5]}) 21... gxh5 22. e4 (
22. Kh1 $2 Rfe8 23. Rg1 Ng6 $17) 22... dxe3 23. fxe3 Ng6 $15 {Schwarz hat
besseres Figurenspiel - seine zwei Laufer stehen stark auf den grose
Diagonalen und der weise Koenigsfluegel scheint mir schwach.} 24. Nb2 (24. Qd1
Rae8 $15) 24... Rae8 {Die weise Bauern in der Mitte sind schwach - Weiss kann
nicht 25.e4 ziehen, als 25...Ndf4 ist deutlich und 25.d4 waere auch schwach
wegen der Erschwachung des e4-Punkts.} 25. Nc4 (25. Re1 $15) {[#]} 25... Ndf4
$1 $17 {[%mdl 512] Ein unerwartetes und ausgezeichnetes Opfer, wonach Schwarz
bekommt ueberzeugende Angriff.} 26. exf4 Bxf3 (26... Re2 {[%csl Rg1]} 27. Rf1
Bd4+ 28. Kh2 (28. Kh1 Nh4 $19 {[%csl Rh1]}) 28... Rxg2+ 29. Kxg2 Nh4+ $40) 27.
Bxf3 Qxh3 {[%csl Rf3,Rg1][%cal Rg7d4,Rd4g1]} 28. Kf2 Qh2+ {Weiss gab auf - er
kann nicht die vielseitige Drohungen parieren.} (28... Qh2+ 29. Kf1 (29. Bg2
Bd4+ 30. Be3 Nxf4 31. Rg1 Nh3+ $19) 29... Bd4 $19) 0-1

[Event "Petrov Memorial op"]
[Site "St Petersburg"]
[Date "1996.??.??"]
[Round "8"]
[White "Loginov, Valery A"]
[Black "Nepomnishay, Mikhail I"]
[Result "1/2-1/2"]
[WhiteElo "2525"]
[BlackElo "2470"]
[Annotator "Ribli,Z"]
[PlyCount "80"]
[EventDate "1996.02.??"]
[EventType "swiss"]
[EventRounds "9"]
[EventCountry "RUS"]
[SourceTitle "CBM 052"]
[Source "ChessBase"]
[SourceDate "1996.06.01"]
[SourceVersion "1"]
[SourceVersionDate "1996.06.01"]
[SourceQuality "1"]

1. Nf3 c5 2. g3 Nc6 3. c4 g6 4. Nc3 Bg7 5. Bg2 e6 6. a3 Nge7 7. Rb1 {Diese
Fortsetzung ist eine Lieblingsvariante von Loginov und Vaulin.} d5 (7... O-O $5
8. b4 b6 $1 9. bxc5 bxc5 10. Ne4 (10. Bb2) 10... d6 11. Bb2 f5 12. Nc3 (12.
Bxg7 $2 fxe4 13. Bxf8 exf3 14. Bxe7 $2 (14. Bxf3 Kxf8 $17) 14... fxg2 15. Bxd8
$4 gxh1=Q#) 12... Rb8 $10 {Van Wely,L-Leko,P/Wijk/1996/CBM51/}) 8. b4 cxb4 9.
axb4 O-O (9... a5 10. bxa5 dxc4 11. Qa4 Nd5 12. Bb2 O-O $13 {Loginov,
V-Zvjaginsev,V/RUS-chT Kazan/1995/CBM51/}) 10. Ba3 (10. b5 Na5 11. cxd5 exd5
12. d4 Bf5 13. Ra1 Rc8 $10 {Vaulin,A-Nepomnishay,M/St.Petersburg op/1995/EXP46/
}) 10... Re8 $5 $146 {Das ist eine kluge Neuerung, weil Schwarz sonst immer
mit der Fesselung auf der Diagonalen a3-f8 Probleme hatte.} (10... dxc4 $2 11.
b5 Na5 12. Qa4 b6 13. Ne5 Rb8 14. Nc6 Nexc6 15. Bxf8 Bxf8 16. bxc6 $16 {
Vaulin,A-Margolin,B/Pardubice op/1994/}) 11. Qa4 b6 12. O-O Bb7 13. b5 (13. c5
a6 $13 {/\ b5,e5}) 13... Na5 14. c5 d4 15. c6 (15. Nd1 Bd5 $13) 15... dxc3 16.
cxb7 Rb8 $5 {Dieser Zug hat folgende Absicht: Schwarz will seinen Springer auf
a5 halten, von wo aus er die sehr wichtigen Punkte c4 und c6 kontrolliert} 17.
Rfd1 $5 (17. dxc3 $6 Nd5 $36 {>< c3}) 17... Qc7 18. dxc3 Nd5 19. Qh4 Rxb7 (
19... Nxc3 $2 20. Bd6 $16) 20. Ng5 h6 21. Ne4 Nc4 22. Bc1 Qe7 (22... f5 $2 23.
Rxd5 $1 exd5 24. Nf6+ Bxf6 25. Bxd5+ $18) 23. Qh3 g5 (23... f5 24. Nd2 $13 (24.
Rxd5 $2 exd5 25. Nf6+ Qxf6 26. Bxd5+ Kh7 27. Bxb7 Qxc3 $17)) 24. Qh5 Rd7 {
Schwarz will f5 durchsetzen, aber dazu muß er erst den d5-Springer befestigen.
/\ f5 ><c3} 25. h4 $1 {[#] Ein chancenreiches aber auch erzwungenes
Figurenopfer, das dem Anziehenden die Initiartive sichert.} f5 26. hxg5 $1 fxe4
27. gxh6 Bf6 (27... Nxc3 28. Rxd7 Qxd7 29. hxg7 Nxb1 30. Bxe4 $18) 28. Bxe4 Kh8
(28... Nxc3 29. Rxd7 Qxd7 30. Qg6+ Kh8 31. Qxf6+ $18) 29. Bxd5 exd5 30. Rxd5
Rxd5 31. Qxd5 Qxe2 32. Bg5 Bxg5 $5 {Schwarz waehlt eine sichere Fortsetzung.} (
32... Bxc3 $6 33. Rc1 Rf8 34. Bf4 $44) 33. Qxg5 Qe7 34. Qf4 {Natürlich kann
Weiß nicht die Damen tauschen, weil das Endspiel wegen seiner schwachen Bauern
verloren ist.} Ne5 35. Kg2 {/\ Re1} Qb7+ 36. f3 Nxf3 $1 37. Qf6+ (37. Qxf3 $4
Re2+ $19) 37... Kh7 38. Qf5+ Kh8 $2 (38... Kxh6 $1 {[#] Auf den ersten Blick
-besonders im Zeitnot- sieht das blöd aus, aber...} 39. Rh1+ $2 (39. Kf2 Ne5
40. Re1 {[#]} (40. Rb4 Kg7 $1 41. Rf4 Qe7 $19) 40... Nd3+ $1 41. Qxd3 Qf7+ 42.
Kg2 Qa2+ $1 43. Kf1 Rf8+ 44. Kg1 Qf2+ $19) 39... Nh4+ $1 $19 {Warscheinlich
hat Schwarz im Zeitnot diesen Zug nicht gesehen.}) 39. Qf6+ Kh7 40. Qf5+ Kh8 {
Ribli} (40... Kh8 41. Qf6+ Kh7 42. Qf5+ {Dreimal die selbe Stellung und Remis.}
) (40... Kxh6 $5 {Siiehe die Anmerkungen bei 38-sten Zug.}) 1/2-1/2

[Event "MK Cafe Cup-A"]
[Site "Koszalin"]
[Date "1999.08.04"]
[Round "2"]
[White "Markowski, Tomasz"]
[Black "Bologan, Viktor"]
[Result "0-1"]
[WhiteElo "2557"]
[BlackElo "2620"]
[Annotator "Ribli,Z"]
[PlyCount "60"]
[EventDate "1999.08.03"]
[EventType "swiss"]
[EventRounds "9"]
[EventCountry "POL"]
[SourceTitle "CBM 073"]
[Source "ChessBase"]
[SourceDate "1999.12.01"]
[SourceVersion "1"]
[SourceVersionDate "1999.12.01"]
[SourceQuality "1"]

{[%mdl 18432]} 1. g3 c5 2. Bg2 Nc6 3. c4 g6 4. Nc3 Bg7 5. Nf3 e6 6. d4 {
Dieser Bauernopfer ist heutzutage sehr populär, aber ich glaube, Schwarz hat
verschiedene gute Möglichkeiten, das Spiel auszugleichen. Die gewöhnliche
Spielmethode wäre 6.0-0 Nge7 7.d3. Ribli.} cxd4 7. Nb5 d5 8. cxd5 Qa5+ {
Schwarz möchte das Spiel komplizieren.} (8... exd5 {Dieser Fortsetzung führt
zu einfachem Spiel mit gleichen Chancen.}) 9. Nd2 {Der Damenzug führt auch zu
scharfem, taktischem Spiel.} (9. Qd2 Qxb5 10. dxc6 Qxc6 11. O-O Qb6 12. b3 Nf6
$1 13. Ne5 (13. Ba3 Ne4 $1 14. Qf4 Nc3 15. Rfe1 Nb5 $1 $146 16. Bb2 $8 O-O 17.
Rad1 Rd8 $1 18. Rd2 $5 f6 (18... Bd7 $5 $15) 19. Bxd4 $8 Rxd4 $5 (19... Nxd4
20. Rxd4 e5 21. Rxd8+ Qxd8 22. Qc4+ Kh8 $15) 20. Rxd4 $8 e5 21. Rd8+ Qxd8 22.
Qc4+ Kh8 23. Qxb5 e4 24. Nd2 {Almasi,I-Horvath,T/Oesterreich 72/(48) 1997/
[Almasi,I] (24)}) 13... Ne4 14. Bxe4 Bxe5 15. Ba3 f5 16. Bg2 Bd7 17. Rac1 Rc8
18. Rxc8+ Bxc8 19. Rc1 Kf7 20. Bc5 Qa6 21. f4 Bf6 22. Bxd4 Qd6 23. e3 Bxd4 24.
Qxd4 Qxd4 25. exd4 Rd8 26. Rc7+ Kf6 27. Kf2 {1-0 Nogueiras,J-Alvarez,J/Santa
Clara 1999/CBM 70 ext (45)}) 9... Qxb5 (9... exd5 10. Nd6+ Ke7 11. Nxc8+ Rxc8
12. O-O Nf6 13. b4 Nxb4 14. Nb3 $44 {[%csl Re7] Weiss hat Kompensation für das
geopferte Material. Er besitzt das Läuferpaar und der schwarze König steht in
der Mitte unsicher.}) 10. dxc6 Ne7 (10... bxc6 11. Ne4 $44) 11. a4 {Weiss
verjagt die Dame, schwächt aber gleichzeitig den Damenflügel.} (11. cxb7 Bxb7
$15) 11... Qb6 (11... Qb4 12. b3 Nxc6 13. Ba3 Qa5 14. O-O Bf8 15. Nc4 Qd8 16.
Bxf8 Kxf8 17. Qd2 Kg7 18. Rad1 $14 {1/2-1/2 McNab,C-Wojtkiewicz,A/London 1990/
EXT 97 (28)}) (11... Qa6 12. b4 Nd5 13. b5 Qa5 14. Ba3 bxc6 15. O-O cxb5 16.
axb5 d3 17. Bxd5 exd5 18. Bb2 Qxb5 19. Bxg7 Rg8 20. Bd4 {1-0 McNab,C-Ansell,S/
ENG-chT9697 1996/EXT 99 (20)}) 12. Nc4 (12. a5 Qc7 $15) 12... Qb4+ {[%cal
Rb4c4,Rb4e1]} 13. Bd2 Qxc4 14. cxb7 {[%cal Rb7a8,Rb7c8,Gg2b7]} Bxb7 15. Bxb7
Rb8 {Nach Vereinfachungen haben wir eine Stellung, die zwar materiell gleich
ist, in der aber Schwarz das aktivere Figurenspiel entfaltet.} 16. b3 (16. Rc1
Qa2 17. Ba6 Qd5 $15) 16... Qc5 (16... Qc7 17. Bf3 O-O 18. O-O h5 19. b4 Rfd8
20. Rc1 Qd7 21. Qb3 h4 22. Rfd1 Nd5 23. Bxd5 exd5 24. Rc2 Re8 {0-1 Fancsy,
I-Horvath,T/HUN tt Balatonalmádi-Csuti 1996 (35)}) 17. Bg2 $2 {Dieser
automatische Zug ist ein Fehler, denn Schwarz bekommt Spiel über das Feld c3.
Es wäre besser, zuerst die Dame mit 17.Rc1 zu vertreiben.} (17. Rc1 $5 Qb6 18.
Be4 O-O 19. b4 Rfd8 20. O-O Nd5 21. Bxd5 Rxd5 22. b5 h5 23. Rc6 Qd8 24. Qc2 Be5
25. Rc1 Kg7 26. Qe4 Rb7 27. Rc8 Qe7 28. Ba5 Qa3 29. R8c4 Qe7 30. Bb4 Qf6 31.
Rc8 {1-0 Sulava,N-Hauchard,A/Gonfreville 1999/CBM 70 ext (65)}) 17... Nd5 $15 {
[%csl Yc3][%cal Gd5c3] Der schwarze Springer strebt sofort nach c3. Weiss kann
ihn wegen Bauernverlustes nicht schlagen.} 18. Rc1 (18. Bxd5 $2 Qxd5 {[%csl
Rb3,Rh1][%cal Rd5b3,Rd5h1]} 19. O-O Rxb3 $17) 18... Nc3 {[%csl Gc3]} 19. O-O (
19. Bxc3 dxc3 $15) 19... Qb6 $5 {[%csl Rb3][%cal Rb8b3] Der b3-Bauer ist
schwach. Weiss kann ihn kaum halten.} (19... Nxd1 20. Rxc5 Nc3 21. Bxc3 dxc3
$15) 20. Qe1 (20. Bxc3 dxc3 21. Rb1 Rd8 22. Qc1 Rd2 $17) 20... O-O (20... Qxb3
21. e3 O-O 22. exd4 Nd5 $17 {[%csl Ra4,Rd4] Wir haben mit Zugumstellung die
Partiefortsetzung.} (22... Nxa4 $17)) 21. e3 Qxb3 22. exd4 Nd5 {[%csl Ra4,Rd4]
Die Stellung ist materiell gleich, aber Schwarz steht viel besser, denn die
Bauern a4 und d4 sind schwach.} (22... Nxa4 $17) 23. Qd1 Bxd4 {[%csl Gd4]} 24.
Bh6 (24. Qxb3 Rxb3 25. Rfd1 $15 {Weiss hat einen Bauern weniger, aber das
Läuferpaar bietet ihm Remischancen.}) 24... Nc3 $17 25. Qg4 (25. Qxb3 Rxb3 26.
Bxf8 Ne2+ {[%cal Re2c1,Re2g1]} 27. Kh1 Nxc1 28. Rxc1 Kxf8 29. f4 Be3 $17) (25.
Qxd4 $2 Ne2+ $19 {[%cal Re2d4,Re2g1]}) 25... Rfc8 {[%csl Ra4,Gb3,Gb8,Gc3,Gc8,
Gd4] Schwarz entfaltet enormen Druck am Damenflügel.} 26. Bf3 (26. Qxd4 $4 Ne2+
{[%cal Re2d4,Re2g1]}) 26... Qxa4 {Weiss hat keine Kompensation für die zwei
Minusbauern.} 27. Bd2 Rb4 {[%cal Rb4g4,Rd4f2,Rf2g1] Es droht 28...Bxf2+ mit
sofortigem Gewinn.} 28. Qg5 Qb5 $19 {[%csl Ga7][%cal Ga7a5]} 29. Qe7 (29. Qxb5
Rxb5 $19) 29... Qc5 30. Qd7 (30. Qxc5 Rxc5 $19 {[%csl Ga7][%cal Ga7a5]}) 30...
Qc7 {Der Damentausch ist erzwungen. Weiss gab auf, denn er hat kein Gegenspiel
für die beiden gesunden schwarzen Mehrbauern.} 0-1

[Event "Moscow Tal Memorial 10th"]
[Site "Moscow"]
[Date "2016.09.30"]
[Round "4"]
[White "Svidler, Peter"]
[Black "Giri, Anish"]
[Result "0-1"]
[WhiteElo "2745"]
[BlackElo "2755"]
[Annotator "Roiz,M"]
[PlyCount "118"]
[EventDate "2016.09.26"]
[EventType "tourn"]
[EventRounds "9"]
[EventCountry "RUS"]
[EventCategory "21"]
[SourceTitle "CBM 175"]
[Source "ChessBase"]
[SourceDate "2016.11.10"]
[SourceVersion "1"]
[SourceVersionDate "2016.11.10"]
[SourceQuality "1"]

1. Nf3 c5 2. g3 Nc6 3. Bg2 g6 4. c4 {GM Peter Svidler has rich experience in
various systems of the English Opening. This time he enters into a closed type
of position.} Bg7 5. Nc3 d6 6. O-O e5 (6... e6 {is another common continuation.
}) 7. a3 Nge7 8. d3 O-O 9. Rb1 a5 10. Bg5 ({The most popular line starts with} 
10. Ne1 Be6 11. Nc2 d5 12. cxd5 Nxd5 13. Ne3 Nde7 14. Nc4 {and leads to an
interesting position à la reversed Marocy, where White's active piece play
compensates for a lack of space.}) 10... f6 11. Bd2 Be6 12. Ne1 {The knight is
heading to d5, so Black shouldn't hesitate.} ({Another way of preparing the
b2-b4 advance isn't effective:} 12. Na4 Rb8 13. b4 $6 axb4 14. axb4 cxb4 15.
Bxb4 b5 $1 $15 {Plomp,G-Meulders,R (2285) Belgium 1995}) 12... d5 13. cxd5 (13.
Na4 {would lead only to simplifications:} b6 14. b4 axb4 15. axb4 cxb4 16. Bxb4
Nxb4 17. Rxb4 Rb8 $11) 13... Nxd5 14. Qb3 $6 {This ambitious move was
connected with a blunder.} ({After} 14. Nc2 f5 15. Ne3 Nde7 $1 {Black should
be able to neutralise White's play on the queenside.} ({A less precise try is} 
15... Nb6 16. b3 Rb8 17. Nc4 Nd7 18. Nb5 Ra8 19. e3 $14 {Kramnik,V (2766)-Leko,
P (2749) Monte Carlo 2007}) {For instance,} 16. Na4 b6 17. b4 axb4 18. axb4 f4
19. Nc4 Rb8 $15 {Bedia,M (2164)-Zakhartsov,V (2534) Krasnodar 2004. However,
it still was the best way of handling the position.}) 14... Nc7 15. Qb6 $146 {
This is the only way to justify White's previous move. However, the queen is
in big danger now.} ({In the event of} 15. Qd1 Qe7 $1 $15 {White would be
doomed to a passive defence.} ({The previously played} 15... Nd4 {is weaker:}
16. b4 axb4 17. axb4 cxb4 $6 (17... c4 $1 18. Bxb7 Rb8 19. Bg2 f5 $44) 18. Rxb4
Na6 19. Rxb7 Nc5 20. Rb1 $14 {Valdes,L (2365)-Mendoza,R (2382) Guayaquil 2003})
) ({Also after} 15. Qxb7 Nd4 16. Nf3 Rb8 17. Qe4 Qd7 18. Qe3 Rfc8 $36 {Despite
the extra pawn, White's position seems unpleasant.}) 15... Nd4 16. Nf3 $6 {
Peter is inviting new troubles.} ({The lesser evil would be} 16. f4 f5 $1 (
16... exf4 17. Bxb7 $1 ({The more natural} 17. Bxf4 $6 Nd5 18. Nxd5 Bxd5 19.
Bxd5+ Qxd5 20. e4 Qd7 21. Qxc5 f5 $36 {leaves White under strong positional
pressure}) 17... Rb8 (17... Nd5 18. Qxc5 Nb3 19. Qc6 Nxd2 20. Qxe6+ Kh8 21.
Bxd5 Re8 22. Qh3 Nxb1 23. Bxa8 Nxc3 24. bxc3 Qxa8 25. Qg2 $13) 18. Bxf4 Rf7 19.
e3 Ncb5 20. Qxd8+ Rxd8 21. Nxb5 Ne2+ 22. Kf2 Nxf4 23. Bc6 Nxd3+ 24. Nxd3 Rxd3
25. Rfd1 Rb3 26. Rd2 $11) 17. fxe5 Bxe5 18. Qxc5 Bg7 $36 {The vulnerable
placement of the Qc5 yields Black a powerful initiative, but at least White is
a pawn up.}) 16... Ra6 $1 17. Qxb7 Nxe2+ 18. Kh1 ({Of course, not} 18. Nxe2 Bd5
{[%csl Rb7] and the queen is trapped} 19. Qxa6 Nxa6 $19) 18... Nxc3 19. bxc3 {
Now, when the Ne2 is gone, White's monarch is going to be be exposed till end
of the game.} Bd5 (19... c4 $5 20. d4 Bd5 21. Qb2 Qa8 22. Ne1 exd4 23. cxd4 f5
$17) 20. Qb2 Qa8 21. Ne1 Rd6 {Starting to put pressure on White's weaknesses.}
22. d4 {Peter isn't prepared to sit and wait, but this move leads to the loss
of a pawn.} (22. Be3 Ne6 23. Bxd5 Qxd5+ 24. Kg1 f5 25. c4 Qa8 $17) 22... Rfd8 (
22... Bxg2+ 23. Nxg2 cxd4 24. cxd4 Rxd4 $17 {would lead to the same character
of play.}) 23. Kg1 cxd4 24. cxd4 Bxg2 25. Nxg2 Rxd4 {So, now Black is a pawn
up, but White's pieces get some activity.} 26. Bc3 (26. Be3 Rd3 27. Bb6 R8d7
$17) 26... R4d7 (26... Rd3 $5) 27. Ne3 Nd5 28. Nxd5 Rxd5 29. a4 {Now the Pa5
is fixed, so Black's pieces are tied to protecting it. On the other hand,
White's king is still in danger.} h5 $1 {Exploiting the main drawback of his
opponent's position.} 30. h4 (30. Qb3 $5 {deserved to be considered:} Kh7 31.
Rfd1 Rc5 32. Rxd8 Qxd8 33. Be1 $17) 30... Qc6 31. Qb3 ({It makes sense to swap
the queenside pawns:} 31. Rbc1 $5 Qxa4 32. Ra1 Qg4 33. Rxa5 Rd3 34. Ra7 $17)
31... Kh7 32. Rfc1 {Now, when the last piece has moved from the kingside, the
advance of Black's pawns is becoming dangerous.} Qd7 (32... Rd3 $1 {was
stronger:} 33. Qb5 Qf3 34. Be1 e4 $19 {and Black's pieces are dominating over
the board.}) 33. Be1 e4 34. Qb7 {A temporary pawn sacrifice.} Qxa4 35. Ra1 Qe8
36. Rc7 R5d7 37. Rxd7 $2 {Alas, Peter chooses the wrong way of regaining the
pawn.} ({The correct} 37. Rxa5 Rxc7 38. Qxc7 Rd1 39. Kf1 $17 {would offer him
definite drawing chances.}) 37... Rxd7 38. Qb3 ({The most stubborn was} 38. Qb5
{, but after} e3 $1 39. Rxa5 exf2+ 40. Kxf2 f5 41. Kf1 Qf7 {Black would slowly
develop a decisive attack.}) 38... Rd3 39. Qc4 Qd7 $6 {A loss of tempo. This
inaccuracy makes Black's task tougher.} ({Anish had to play} 39... f5 $1 40.
Rxa5 Rd1 41. Qb4 e3 42. Ra7 Kh8 43. Kh2 exf2 44. Bxf2 Qc6 45. Bg1 Qc2+ 46. Kh3
Qd3 $19) 40. Rxa5 f5 41. Kg2 Rd1 42. Qe2 Rb1 43. Rc5 $2 ({The only way to
put-up resistance was} 43. Ra3 Qe7 44. Re3 Qb7 45. Qc4 Rd1 46. Qb4 $17 {
, and it's not easy to make further progress.}) 43... Qb7 $2 (43... e3 $1 {
was winning on the spot:} 44. fxe3 Qe7 45. Rb5 Qe4+ 46. Kh2 Rc1 $19) 44. Kh2 f4
45. gxf4 Qe7 46. Rc4 Qxh4+ 47. Kg2 Qxf4 48. Qxe4 Qg5+ 49. Kf3 $2 {It is only
after this mistake that the result of the game becomes predictable.} ({Had
Peter played} 49. Kf1 $1 Ra1 (49... Qb5 50. Qd3 Be5 51. Kg2 $17) 50. Qd3 Qb5
51. Rd4 $17 {the limited material balance would still offer drawing chances.})
49... Rb5 $1 50. Qd3 Qg1 $19 {Now the monarch is helpless.} 51. Re4 Rb2 52. Qc4
(52. Rh4 {offered no hope either:} Qxe1 53. Rxh5+ Kg8 54. Qc4+ Kf8 55. Qf4+ Ke8
56. Qa4+ Kf7 57. Qf4+ Bf6 58. Rh7+ Kg8 $19) 52... Qh1+ 53. Kg3 Rb1 54. Qe2 Qg1+
55. Kh3 Rb3+ 56. f3 g5 57. Bf2 g4+ 58. Kh4 Qh2+ 59. Kg5 Rxf3 {Impressive
positional play by GM Anish Giri!} 0-1